El jenjibre: historia de un monocultivo caribeño del siglo XVI
Trata sobre el monocultivo del jenjibre como un elemento para el conocimiento de la historia general de las Antillas en la segunda mitad del siglo XVI.
Guardat en:
| Autors principals: | , |
|---|---|
| Format: | Desconegut |
| Publicat: |
Madrid:
Editorial Complutense,
|
| Matèries: | |
| Etiquetes: |
Afegir etiqueta
Sense etiquetes, Sigues el primer a etiquetar aquest registre!
|
MARC
| LEADER | 000000000a22000000004500 | ||
|---|---|---|---|
| 001 | 000330 | ||
| 022 | |a 1132-8312 | ||
| 041 | 0 | |a español | |
| 100 | 1 | |a Rio Moreno, Justo L. del | |
| 100 | 1 | |a López y Sebastian, Lorenzo E. | |
| 245 | 1 | 0 | |a El jenjibre: historia de un monocultivo caribeño del siglo XVI |
| 260 | |a Madrid: |b Editorial Complutense, | ||
| 520 | |a Trata sobre el monocultivo del jenjibre como un elemento para el conocimiento de la historia general de las Antillas en la segunda mitad del siglo XVI. | ||
| 650 | 4 | |a MONOCULTIVO | |
| 650 | 4 | |a ANTILLAS, SIGLO XVI | |
| 773 | 0 | |t Revista Complutense de Historia de América | |
| 773 | 0 | |g 18 | |
| 773 | 0 | |g 1992 | |
| 773 | 0 | |g 63-87 | |
| 999 | |c 862 |d 862 | ||
